| 000 | 00848nam a22002417a 4500 | ||
|---|---|---|---|
| 999 |
_c21397 _d21397 |
||
| 003 | AR-CdUCM | ||
| 008 | 190515b ||||| |||| 00| 0 spa d | ||
| 020 | _a9786124149351 | ||
| 040 |
_aMUNICIPALIDAD PROVINCIAL DEL CUSCO _cBIBLIOTECA MUNICIPAL DEL CUSCO |
||
| 082 |
_a658.4/A10 _bA10 _2Tercera |
||
| 100 |
_aD' Alessio Ipinza, Fernando A _944630 |
||
| 245 |
_aEl proceso estratégico : _bun enfoque de Gerencia / |
||
| 260 |
_aLima ; _bPearson, _c2015. |
||
| 300 |
_a824 Páginas ; _c20x27 cm. |
||
| 505 | _aContenido: Formulación y planeamiento -- Dirección e implementación -- Evaluación y control ... | ||
| 650 |
_aAdministración _94472 |
||
| 650 |
_aEconomía _9382 |
||
| 650 |
_aGerencia administrativa _944631 |
||
| 650 |
_aCiencias administrativas _920776 |
||
| 650 |
_aEvaluación _99938 |
||
| 942 |
_2ddc _cLIBROS |
||
| 945 | _aRoel | ||